000 01123nam a22003617a 4500
001 000063208
003 CHAP
005 20220329141052.0
008 971013s1994 r 00010 d
010 _a62135
011 _a63107
035 _a67283
040 _cCHAP
082 _a641.865
_bM3
100 0 0 _aMadrid Vicente, Antonio.
_969710
245 0 _aManual de pastelería y confitería.
260 _aMadrid :
_bMundi-Prensa,
_c1994.
300 _a480 p. :
_b: ilus.
590 _aBATCH-UPD
_b10
_c20130110
_lUCH01
_h0245
590 _aBATCH-UPD
_b10
_c20130110
_lUCH01
_h2303
590 _aBATCH-UPD
_b10
_c20130409
_lUCH01
_h2314
590 _aBATCH-UPD
_b10
_c20130914
_lUCH01
_h0911
590 _aCONVERSION
_b10
_c20130109
_lUCH01
_h1333
590 _aE11695DGD
_b10
_c20180323
_lUCH01
_h1104
650 1 4 _aConfitería.
_926640
650 1 4 _aPastelería.
_985908
700 0 _aMadrid Cenzano, Javier.
_969697
700 1 _aCenzano del Castillo, Inmaculada
_921290
901 _aBK
942 _cLIBRO
942 _n0
949 _a641.865 M3
_bBC
_cLIBRO
_d33724000630935
_eLIBRO
_gI. 184026
_h91682
_i67283
_si
_t274.00
999 _c62135
_d62135